Thường thức về viết câu tiếng Anh /

Thay đổi nghĩa câu bằng một từ; Cấu trúc động từ/ Cụm từ thêm vào diễn đạt trọn vẹn ý nghĩa của câu; Cách viết câu ngắn gọn và tự nhiên; Cách sử dụng dấu chấm câu; Cách nhấn mạnh ý trọng yếu; Cách diễn đạt ý rõ ràng và chi tiết hơn; Cách tránh sự khẳng định dứt khoát....

সম্পূর্ণ বিবরণ

সংরক্ষণ করুন:
গ্রন্থ-পঞ্জীর বিবরন
অন্যান্য লেখক: Nguyễn Thành Yến (biên dịch.)
বিন্যাস: গ্রন্থ
ভাষা:Vietnamese
English
প্রকাশিত: Tp.HCM : Nxb. Tổng hợp Tp.HCM, 2004.
বিষয়গুলি:
ট্যাগগুলো: ট্যাগ যুক্ত করুন
কোনো ট্যাগ নেই, প্রথমজন হিসাবে ট্যাগ করুন!
Thư viện lưu trữ: Mạng thư viện Đại học Đà Nẵng
LEADER 01290cam a2200349 a 4500
001 000044666
003 3072
005 20061114105440.0
008 010313b2004 vm 000 vie
020 |c 58000 
040 |a LIRC  |c LIRC  |d LIRC 
041 1 |a vie  |a eng 
082 1 4 |a 428  |b Th-T 
245 0 0 |a Thường thức về viết câu tiếng Anh /  |c Nguyễn Thành Yến biên dịch. 
260 |a Tp.HCM :  |b Nxb. Tổng hợp Tp.HCM,  |c 2004. 
300 |a 347 tr. ;  |c 20,5 cm. 
520 3 |a Thay đổi nghĩa câu bằng một từ; Cấu trúc động từ/ Cụm từ thêm vào diễn đạt trọn vẹn ý nghĩa của câu; Cách viết câu ngắn gọn và tự nhiên; Cách sử dụng dấu chấm câu; Cách nhấn mạnh ý trọng yếu; Cách diễn đạt ý rõ ràng và chi tiết hơn; Cách tránh sự khẳng định dứt khoát. 
630 0 4 |a English language. 
630 0 4 |a Anh ngữ. 
650 0 4 |a English language  |x Writing. 
650 0 4 |a Anh ngữ  |x Viết. 
700 1 |a Nguyễn Thành Yến,  |e biên dịch. 
OWN |a DUT 
999 |a From the UDN01 
TYP |a Monograph 
TYP |a Printed language 
980 |a Mạng thư viện Đại học Đà Nẵng